Záverečná správa konzultačnej misie MMF na Slovensku (I.)

Bibliographic Details
Corporate Author: Medzinárodný menový fond (Author)
Format: Article
Language:Slovak
PhysicalDescription:Tab.
Subjects:

MARC

LEADER 00000nab a2200000 a 4500
001 vtls000696674
003 SK-MaSNL
005 20260426072248.0
008 180206c1999 xo 0 slo
015 |a SNBRB1999/06-17259 
035 |a CLN000048841 
040 |a SNKBUCL  |b slo  |c SNKBUCL  |e AACR2 
041 0 |a slo 
044 |a xo  |c SK 
080 |a 338.1(437.6):339.732(100)  |2 UDC-MRF-SK2 
110 0 |a Medzinárodný menový fond  |4 aut  |9 16743 
245 0 0 |a Záverečná správa konzultačnej misie MMF na Slovensku  |n (I.) 
300 |b Tab. 
500 |a Dokončenie v č. 113/1999 
610 2 7 |a Medzinárodný menový fond  |2 SNKKA  |9 16743 
648 7 |a 1999  |2 SNK  |9 266597 
650 0 7 |a ekonomika  |2 SNKPH  |9 789 
651 7 |a Slovensko  |2 SNKPHgeo  |9 14231 
655 7 |a články z novín a časopisov  |2 snkbucl  |9 267496 
773 0 |t Sme  |g Roč. 7, č. 112 (18.5.1999) 
773 0 |t [Príl.] Kapitál  |g Roč. 1, č. 59 (1999), s. 4 
850 |a Slovenská národná knižnica v Martine 
852 |a SNK  |b KIS3GCP 
958 |a RBX 
999 |c 2686834  |d 2688764